[Event "Quebec Montcalm op 6 2018-19"]
[Site "Quebec"]
[Date "2019.04.18"]
[Round "5"]
[White "Lapierre, Gaetan"]
[Black "Boissinot, Claude"]
[Result "1-0"]
[WhiteElo "1755"]
[BlackElo "1556"]
[PlyCount "43"]
[EventDate "2019.03.21"]
[EventType "swiss"]
[EventRounds "5"]
[EventCountry "CAN"]
[SourceTitle "EXT 2022"]
[Source "ChessBase"]
[SourceDate "2021.10.06"]
[SourceVersion "1"]
[SourceVersionDate "2021.10.06"]
[SourceQuality "1"]

1. e4 c5 2. Nc3 Nc6 3. g3 Nf6 4. Bg2 e6 5. Nge2 d5 6. exd5 exd5 7. d4 c4 8. Bg5 Be6 9. Bxf6 gxf6 10. 0-0 a6 11. Nf4 Qb6 12. Ncxd5 Qxd4 13. Qxd4 Nxd4 14. Nc7+ Ke7 15. Nxa8 Bh6 16. Nxe6 fxe6 17. Nb6 Nxc2 18. Rad1 Ne3 19. Rd7+ Ke8 20. Re1 Nxg2 21. Rxe6+ Kf8 22. Rxf6+ 1-0

[Event "Quebec Montcalm op 6 2018-19"]
[Site "Quebec"]
[Date "2019.03.28"]
[Round "2"]
[White "Genest, Dominic"]
[Black "Lapierre, Gaetan"]
[Result "1-0"]
[WhiteElo "1673"]
[BlackElo "1755"]
[PlyCount "85"]
[EventDate "2019.03.21"]
[EventType "swiss"]
[EventRounds "5"]
[EventCountry "CAN"]
[SourceTitle "EXT 2022"]
[Source "ChessBase"]
[SourceDate "2021.10.06"]
[SourceVersion "1"]
[SourceVersionDate "2021.10.06"]
[SourceQuality "1"]

1. c4 e5 2. g3 Nf6 3. Bg2 Bc5 4. Nc3 0-0 5. e3 Nc6 6. Nge2 Re8 7. 0-0 e4 8. d3 exd3 9. Nf4 Ne5 10. b3 a6 11. Nxd3 Nxd3 12. Qxd3 Rb8 13. Bb2 Bf8 14. Ne4 Nxe4 15. Bxe4 h6 16. f4 d6 17. f5 Qe7 18. Rf4 f6 19. Kf2 Bd7 20. Bf3 Red8 21. Bd5+ Kh8 22. Rd1 c6 23. Bf3 b5 24. cxb5 axb5 25. Bh5 b4 26. Bg6 d5 27. Rd2 Ra8 28. Bc1 Bc8 29. e4 Ba6 30. Qc2 Qc5+ 31. Kg2 Qxc2 32. Rxc2 Bd3 33. Rxc6 Rxa2+ 34. Kh3 dxe4 35. Be3 Rb2 36. Bf7 Re2 37. Bc5 Bxc5 38. Rxc5 Re1 39. Kg2 Rb1 40. Kh3 Bf1+ 41. Kh4 e3 42. Re4 Rf8 43. Bg6 1-0

[Event "Quebec op U2000"]
[Site "Ste Foy"]
[Date "2017.08.13"]
[Round "3.25"]
[White "Lapierre, Gaetan"]
[Black "Sarra Bournet, Marc"]
[Result "1/2-1/2"]
[WhiteElo "1926"]
[BlackElo "1793"]
[PlyCount "194"]
[EventDate "2017.08.12"]
[EventType "swiss"]
[EventRounds "9"]
[EventCountry "CAN"]
[SourceTitle "EXT 2022"]
[Source "ChessBase"]
[SourceDate "2021.10.06"]
[SourceVersion "1"]
[SourceVersionDate "2021.10.06"]
[SourceQuality "1"]

1. e4 e5 2. Nf3 Nc6 3. Bb5 a6 4. Bxc6 dxc6 5. d4 exd4 6. Qxd4 Bg4 7. Qxd8+ Rxd8 8. Bg5 f6 9. Be3 Bd6 10. Nbd2 Ne7 11. h3 Bc8 12. 0-0-0 0-0 13. g4 Ng6 14. Nd4 Nf4 15. Nc4 Nxh3 16. Nxd6 cxd6 17. Rxh3 Bxg4 18. Rhh1 Bxd1 19. Kxd1 Rfe8 20. f3 d5 21. Ke2 dxe4 22. f4 Rd5 23. c4 Rd7 24. c5 g6 25. Rg1 Kf7 26. Rh1 h5 27. f5 Rh8 28. fxg6+ Kxg6 29. Rg1+ Kf7 30. Nf5 Ke6 31. Nh4 Rhh7 32. Ng6 Rdg7 33. Nf4+ Kf7 34. Rd1 Ke8 35. Rd6 Rf7 36. Bd4 f5 37. Bf6 Rd7 38. Re6+ Kf7 39. Bh4 Rg7 40. Rf6+ Kg8 41. Rxf5 Rdf7 42. Rxf7 Kxf7 43. Ke3 Rg4 44. Bf2 h4 45. Nh3 Kf6 46. Ng1 Kf5 47. Ne2 h3 48. Bg3 Rg7 49. Kf2 Kg4 50. Ke3 Rf7 51. Bd6 Rf3+ 52. Kxe4 h2 53. Bxh2 Rf2 54. Nc3 Rxh2 55. Na4 Re2+ 56. Kd3 Re5 57. Kd4 Kf5 58. Nc3 Re1 59. Kc4 Rh1 60. Kb4 Rh2 61. Na4 Ke5 62. Ka5 Rh4 63. b3 Kd5 64. b4 Rh3 65. Nb6+ Ke6 66. a4 Rh4 67. Nc8 Kd7 68. Nd6 Kc7 69. Ne8+ Kb8 70. Nd6 Rf4 71. Ne8 Rf8 72. Nd6 Kc7 73. Nc4 Rd8 74. Nb6 Rd4 75. Na8+ Kb8 76. Nb6 Rd8 77. Nc4 Ka7 78. Nb6 Kb8 79. Nc4 Kc7 80. Nb6 Rb8 81. Nc4 b5 82. cxb6+ Kd7 83. Ne5+ Kd6 84. Nd3 c5 85. Nxc5 Kc6 86. Nxa6 Rxb6 87. b5+ Kb7 88. Nc5+ Ka7 89. Kb4 Rd6 90. Nb3 Rh6 91. Nd2 Rh4+ 92. Nc4 Kb7 93. a5 Rh6 94. Ne3 Rh4+ 95. Nc4 Rh6 96. Ne5 Re6 97. Nc4 Rh6 1/2-1/2

[Event "Quebec Montcalm op 5 2015-16"]
[Site "Quebec"]
[Date "2016.02.25"]
[Round "2"]
[White "Lapierre, Gaetan"]
[Black "Auger, Bertrand"]
[Result "0-1"]
[WhiteElo "1892"]
[BlackElo "1921"]
[PlyCount "62"]
[EventDate "2016.02.18"]
[EventType "swiss"]
[EventRounds "5"]
[EventCountry "CAN"]
[SourceTitle "EXT 2022"]
[Source "ChessBase"]
[SourceDate "2021.10.06"]
[SourceVersion "1"]
[SourceVersionDate "2021.10.06"]
[SourceQuality "1"]

1. e4 e6 2. c4 c6 3. d4 d5 4. cxd5 exd5 5. e5 Bf5 6. Nc3 Bb4 7. a3 Ba5 8. Be3 Ne7 9. b4 Bc7 10. Nf3 0-0 11. Be2 Nd7 12. Nd2 Nxe5 13. f4 Nd3+ 14. Bxd3 Bxd3 15. Nf3 Bc4 16. g4 Ng6 17. Qd2 Re8 18. Kd1 Bb3+ 19. Kc1 Rxe3 20. Ne5 Nxe5 21. Qxe3 Nc4 22. Qe1 Qf6 23. Ne2 Ba4 24. Ra2 Re8 25. Rf1 Re3 26. Qf2 Qg6 27. f5 Qg5 28. h4 Qe7 29. g5 Qe4 30. f6 Rxa3 31. Rxa3 Qc2# 0-1

[Event "Charlesbourg Zukertort"]
[Site "Charlesbourg"]
[Date "2014.03.03"]
[Round "4"]
[White "Lapierre, Gaetan"]
[Black "Fecteau, Martin"]
[Result "1-0"]
[WhiteElo "1947"]
[BlackElo "1978"]
[PlyCount "121"]
[EventDate "2014.02.10"]
[EventType "swiss"]
[EventRounds "5"]
[EventCountry "CAN"]
[SourceTitle "EXT 2022"]
[Source "ChessBase"]
[SourceDate "2021.10.06"]
[SourceVersion "1"]
[SourceVersionDate "2021.10.06"]
[SourceQuality "1"]

1. d4 d5 2. Nf3 Nf6 3. e3 g6 4. Be2 Bg7 5. 0-0 0-0 6. c4 c6 7. a4 a5 8. Nc3 e6 9. Ne5 Nfd7 10. Nxd7 Nxd7 11. f4 b6 12. e4 dxc4 13. e5 f5 14. Bxc4 Re8 15. d5 cxd5 16. Bxd5 Rb8 17. Bc4 Nc5 18. Qe2 Qe7 19. Rd1 Rd8 20. Rxd8+ Qxd8 21. Be3 Bd7 22. Rd1 Qc7 23. Kf1 Bf8 24. b3 Be8 25. Nb5 Bxb5 26. Bxb5 Kf7 27. Qc4 Be7 28. Bxc5 Qxc5 29. Qxc5 Bxc5 30. Rd7+ Be7 31. Bc4 Rc8 32. Ke2 Rc6 33. Rb7 Kf8 34. Kd3 Kf7 35. h4 h6 36. g3 Kf8 37. Rb8+ Kf7 38. Rb7 Kf8 39. Ke2 Kf7 40. Kf3 h5 41. Kg2 Kf8 42. Kh3 Bc5 43. Kg2 Kg8 44. Bb5 Rc8 45. Bd7 Rd8 46. Bxe6+ Kh8 47. Bd7 Kg8 48. Kf3 Kf8 49. Ke2 Bg1 50. Bb5 Bc5 51. e6 Rd4 52. Bd3 Rd8 53. Rf7+ Kg8 54. Bc4 Kh8 55. Rd7 Rxd7 56. exd7 Be7 57. Bf7 Kg7 58. Be8 Bd8 59. Kd3 Kf6 60. Kc4 Ke7 61. Kd5 1-0

[Event "Charlesbourg Capablanca"]
[Site "Charlesbourg"]
[Date "2014.01.20"]
[Round "3"]
[White "Lapierre, Gaetan"]
[Black "Lessard, Claude"]
[Result "0-1"]
[WhiteElo "1973"]
[BlackElo "2053"]
[PlyCount "54"]
[EventDate "2014.01.06"]
[EventType "swiss"]
[EventRounds "5"]
[EventCountry "CAN"]
[SourceTitle "EXT 2022"]
[Source "ChessBase"]
[SourceDate "2021.10.06"]
[SourceVersion "1"]
[SourceVersionDate "2021.10.06"]
[SourceQuality "1"]

1. e4 g6 2. d4 Bg7 3. f4 d6 4. Nf3 Nf6 5. Nc3 0-0 6. Be2 c5 7. 0-0 cxd4 8. Nxd4 Nbd7 9. Bf3 a6 10. Be3 Rb8 11. Qd2 Qc7 12. Nd5 Nxd5 13. exd5 Nf6 14. h3 Bd7 15. c4 Rbe8 16. Rac1 Kh8 17. g4 e6 18. dxe6 fxe6 19. Bg2 e5 20. fxe5 dxe5 21. Ne2 Bc6 22. Ng3 Bxg2 23. Qxg2 Rd8 24. g5 Ng8 25. Rxf8 Rxf8 26. Ne4 Ne7 27. Bc5 Rf4 0-1

[Event "Quebec Montcalm op 1 2012-13"]
[Site "Quebec"]
[Date "2012.09.20"]
[Round "3"]
[White "Lapierre, Gaetan"]
[Black "Ripoll, Arthur"]
[Result "1-0"]
[WhiteElo "1826"]
[BlackElo "1544"]
[PlyCount "71"]
[EventDate "2012.09.06"]
[EventType "swiss"]
[EventRounds "5"]
[EventCountry "CAN"]
[SourceTitle "EXT 2022"]
[Source "ChessBase"]
[SourceDate "2021.10.06"]
[SourceVersion "1"]
[SourceVersionDate "2021.10.06"]
[SourceQuality "1"]

1. e4 e5 2. Nf3 Nc6 3. Bb5 Nd4 4. Nxd4 exd4 5. 0-0 Bc5 6. d3 Ne7 7. f4 c6 8. Bc4 0-0 9. Bb3 a5 10. a4 d5 11. f5 f6 12. Kh1 g6 13. g4 Kh8 14. Bf4 Rf7 15. Qf3 g5 16. Bg3 b6 17. e5 fxe5 18. Bxe5+ Kg8 19. Qf2 Nxf5 20. gxf5 Rxf5 21. Qe2 Qe7 22. Re1 Qf7 23. Bg3 Bd7 24. Nd2 Rf8 25. Rf1 Re8 26. Qg2 Re3 27. Ne4 Qg6 28. Rxf5 Bxf5 29. Nxc5 bxc5 30. Rf1 Bg4 31. Bd6 Qh5 32. Bxd5+ cxd5 33. Qxd5+ Be6 34. Qa8+ Bc8 35. Qxc8+ Re8 36. Rf8+ 1-0